Normal view
MARC view
Entry Topical Term
001 - CONTROL NUMBER
- control field: 79953
003 - CONTROL NUMBER IDENTIFIER
- control field: dpl
005 - DATE AND TIME OF LATEST TRANSACTION
- control field: 20250326152521.0
008 - FIXED-LENGTH DATA ELEMENTS
- fixed length control field: 250326|| aca||aabn | a|a d
040 ## - CATALOGING SOURCE
- Original cataloging agency: dpl
- Transcribing agency: dpl
150 ## - HEADING--TOPICAL TERM
- Topical term or geographic name as entry element: Instrumentation
670 ## - SOURCE DATA FOUND
- Source citation: Work cat.: (dpl)210524: Kousher Sherin 79951, Mathematics Simplified /, 2022
